[Event "GER-ch U25 op-A"]
[Site "Oberhof"]
[Date "2013.05.25"]
[Round "9"]
[White "Meiser, Michael"]
[Black "Zesewitz, Maik"]
[Result "1/2-1/2"]
[WhiteElo "1931"]
[BlackElo "1552"]
[PlyCount "41"]
[EventDate "2013.05.19"]
[EventType "swiss"]
[EventRounds "9"]
[EventCountry "GER"]
[SourceTitle "CBM 154 Extra"]
[Source "ChessBase"]
[SourceDate "2013.06.25"]
[SourceVersion "2"]
[SourceVersionDate "2013.06.25"]
[SourceQuality "1"]

1. e4 e5 2. Nf3 Nc6 3. Bb5 Nf6 4. 0-0 d6 5. d4 Bd7 6. Bxc6 Bxc6 7. dxe5 dxe5 8. Nxe5 Bxe4 9. Qe2 Qd5 10. Nc4 0-0-0 11. Nc3 Qf5 12. Re1 Bc5 13. Be3 Bxc2 14. Bxc5 Qxc5 15. Qxc2 Qxc4 16. Qf5+ Kb8 17. Re7 Rhe8 18. Rae1 Rxe7 19. Rxe7 a6 20. Re1 Qb4 21. Qc2 1/2-1/2

[Event "Saarland-ch MB 85th"]
[Site "Homburg"]
[Date "2010.04.01"]
[Round "7"]
[White "Wolf, Ulrich1111"]
[Black "Meiser, Michael"]
[Result "1-0"]
[WhiteElo "2066"]
[BlackElo "1893"]
[PlyCount "61"]
[EventDate "2010.03.27"]
[EventType "swiss"]
[EventRounds "9"]
[EventCountry "GER"]
[SourceTitle "EXT 2011"]
[Source "ChessBase"]
[SourceDate "2010.11.26"]
[SourceVersion "1"]
[SourceVersionDate "2010.11.26"]
[SourceQuality "1"]

1. d4 f5 2. g4 fxg4 3. h3 d6 4. e4 Nf6 5. Bg2 Nc6 6. Bg5 e5 7. d5 Ne7 8. Bxf6 gxf6 9. hxg4 Ng6 10. Ne2 Bxg4 11. f3 Bd7 12. Bh3 Bxh3 13. Rxh3 Qd7 14. Rh5 0-0-0 15. Na3 Ne7 16. Qd3 Qe8 17. Rh3 f5 18. 0-0-0 fxe4 19. fxe4 Ng6 20. Qc4 a6 21. Rc3 Qd7 22. b4 b5 23. Qd3 Bh6+ 24. Kb1 Bf4 25. Rc6 Kb7 26. Nxb5 axb5 27. Qxb5+ Kc8 28. Qa4 Kb8 29. Rd3 Qe8 30. Ra3 Kc8 31. Rxc7+ 1-0

[Event "GER-ch U16"]
[Site "Willingen"]
[Date "2009.06.05"]
[Round "8"]
[White "Mueller, Tobias"]
[Black "Meiser, Michael"]
[Result "1-0"]
[WhiteElo "1744"]
[BlackElo "1792"]
[PlyCount "69"]
[EventDate "2009.05.30"]
[EventType "swiss"]
[EventRounds "9"]
[EventCountry "GER"]
[SourceTitle "CBM 130 Extra"]
[Source "ChessBase"]
[SourceDate "2009.07.02"]
[SourceVersion "2"]
[SourceVersionDate "2009.07.15"]
[SourceQuality "1"]

1. c4 c5 2. g3 Nf6 3. Bg2 d5 4. cxd5 Nxd5 5. Nc3 Nc7 6. Nf3 Nc6 7. 0-0 e5 8. Ne1 Be6 9. f4 exf4 10. gxf4 Be7 11. e4 0-0 12. d3 f5 13. Be3 fxe4 14. dxe4 Nd4 15. Nc2 Bc4 16. Rf2 Nce6 17. f5 Nxc2 18. Rxc2 Nc7 19. b3 Ba6 20. Rd2 Qe8 21. Rc1 Rd8 22. Bf4 Na8 23. Nd5 b6 24. Nxe7+ Qxe7 25. Bd6 Qg5 26. Rcc2 Rfe8 27. Bf4 Qe7 28. e5 Nc7 29. e6 Nb5 30. Be5 Qg5 31. Rd7 Qe3+ 32. Kh1 Nd4 33. Rxg7+ Kf8 34. Rf7+ Kg8 35. Qg4+ 1-0

[Event "GER-ch U16"]
[Site "Willingen"]
[Date "2009.05.31"]
[Round "2"]
[White "Gruenter, Martin"]
[Black "Meiser, Michael"]
[Result "1-0"]
[WhiteElo "2092"]
[BlackElo "1792"]
[PlyCount "39"]
[EventDate "2009.05.30"]
[EventType "swiss"]
[EventRounds "9"]
[EventCountry "GER"]
[SourceTitle "CBM 130 Extra"]
[Source "ChessBase"]
[SourceDate "2009.07.02"]
[SourceVersion "2"]
[SourceVersionDate "2009.07.15"]
[SourceQuality "1"]

1. e4 c5 2. c3 Nf6 3. e5 Nd5 4. d4 cxd4 5. Nf3 Nc6 6. Bc4 Nb6 7. Bb3 g6 8. Ng5 d5 9. exd6 e6 10. Ne4 Bg7 11. 0-0 0-0 12. Re1 e5 13. cxd4 Nxd4 14. Bg5 Qe8 15. Nf6+ Bxf6 16. Bxf6 Nc6 17. Nc3 Bf5 18. Qd2 Nd7 19. Nd5 Qc8 20. Qh6 1-0

[Event "Saarland-ch A"]
[Site "Schiffweiler"]
[Date "2009.04.06"]
[Round "4"]
[White "Fries, Frederik"]
[Black "Meiser, Michael"]
[Result "0-1"]
[WhiteElo "1735"]
[BlackElo "1730"]
[PlyCount "69"]
[EventDate "2009.04.03"]
[EventType "swiss"]
[EventRounds "9"]
[EventCountry "GER"]
[SourceTitle "EXT 2012"]
[Source "ChessBase"]
[SourceDate "2011.11.24"]
[SourceVersion "1"]
[SourceVersionDate "2011.11.24"]
[SourceQuality "1"]

1. e4 c5 2. Nf3 Nc6 3. d4 cxd4 4. Nxd4 g6 5. c4 Bg7 6. Be3 Nf6 7. Nc3 Ng4 8. Qxg4 Nxd4 9. Qd1 Nc6 10. Qd2 d6 11. Be2 0-0 12. 0-0 Qa5 13. Rac1 Be6 14. b3 Rac8 15. Rfd1 f5 16. f3 f4 17. Bf2 Qg5 18. Nd5 Bh3 19. Bf1 Ne5 20. Kh1 Bd7 21. h4 Qh5 22. Nxe7+ Kh8 23. Nxc8 Bxc8 24. Kg1 g5 25. Bd4 gxh4 26. Bxe5 Bxe5 27. Kf2 Qg5 28. Ke2 Qh5 29. Kd3 h3 30. gxh3 Qxf3+ 31. Kc2 Qxe4+ 32. Bd3 Qd4 33. Rb1 f3 34. b4 Bf5 35. Bxf5 0-1

[Event "GER-chT U16"]
[Site "Bingen"]
[Date "2008.12.27"]
[Round "2.2"]
[White "Meiser, Michael"]
[Black "Butschek, Marc"]
[Result "1/2-1/2"]
[WhiteElo "1568"]
[BlackElo "1775"]
[PlyCount "90"]
[EventDate "2008.12.27"]
[EventType "team-swiss"]
[EventRounds "7"]
[EventCountry "GER"]
[SourceTitle "EXT 2010"]
[Source "ChessBase"]
[SourceDate "2010.11.25"]
[SourceVersion "1"]
[SourceVersionDate "2010.11.25"]
[SourceQuality "1"]
[WhiteTeam "Heusweiler SC Reti U16"]
[BlackTeam "Bochum SG 31 U16"]
[WhiteTeamCountry "GER"]
[BlackTeamCountry "GER"]

1. e4 e5 2. Nf3 Nf6 3. Nxe5 d6 4. Nc4 Nxe4 5. Qe2 Qe7 6. Ne3 Nf6 7. g3 Nc6 8. Bg2 Bd7 9. 0-0 0-0-0 10. c3 h5 11. h3 h4 12. g4 Ne5 13. g5 Nh5 14. Nd5 Qe8 15. d4 Bb5 16. Qe4 Bxf1 17. Kxf1 Nc6 18. Qxh4 Ne7 19. Qe4 Nxd5 20. Qxd5 c6 21. Qf3 Qe6 22. Be3 g6 23. d5 Qf5 24. Qxf5+ gxf5 25. dxc6 b6 26. Nd2 Be7 27. f4 d5 28. b4 Ng3+ 29. Kf2 Ne4+ 30. Nxe4 dxe4 31. Bf1 Rd6 32. b5 Rhd8 33. Bc4 Rh8 34. Rh1 Rh7 35. h4 Rd8 36. h5 Bc5 37. Bxc5 bxc5 38. Ke3 Kc7 39. a4 Kb6 40. Be2 Rd6 41. Ra1 Ka5 42. Rg1 Kb6 43. a5+ Kc7 44. Rb1 Rd8 45. Rb2 Rhh8 1/2-1/2

[Event "GER-ch U25 op"]
[Site "Willingen"]
[Date "2008.05.15"]
[Round "7"]
[White "Meiser, Michael"]
[Black "Hentschel, Tobias"]
[Result "1-0"]
[WhiteElo "1490"]
[BlackElo "1812"]
[PlyCount "85"]
[EventDate "2008.05.11"]
[EventType "swiss"]
[EventRounds "9"]
[EventCountry "GER"]
[SourceTitle "CBM 124 Extra"]
[Source "ChessBase"]
[SourceDate "2008.07.03"]
[SourceVersion "1"]
[SourceVersionDate "2008.07.03"]
[SourceQuality "1"]

1. e4 c5 2. Nf3 d6 3. Nc3 g6 4. d4 cxd4 5. Nxd4 Bg7 6. Be3 Nc6 7. Qd2 Nf6 8. f3 Bd7 9. 0-0-0 Rb8 10. h4 Ne5 11. Be2 0-0 12. Bh6 b5 13. g4 Nc4 14. Bxc4 bxc4 15. h5 Qb6 16. b3 cxb3 17. axb3 Qa5 18. Kb2 Rbc8 19. Bxg7 Kxg7 20. hxg6 fxg6 21. Nde2 Kg8 22. Ra1 Qc5 23. g5 Nh5 24. Qd5+ e6 25. Qxc5 Rxc5 26. Rxa7 Rf7 27. Rf1 Rxg5 28. Ra6 d5 29. exd5 exd5 30. Ra5 Bc6 31. Nd4 Bb7 32. Ne4 Re5 33. Nd6 Rd7 34. f4 Ree7 35. Nxb7 Rxb7 36. Rxd5 Rf7 37. f5 gxf5 38. Rg1+ Ng7 39. Nxf5 Rbd7 40. Rxd7 Rxd7 41. Rxg7+ Rxg7 42. Nxg7 Kxg7 43. Kc1 1-0

[Event "Saarland-ch B"]
[Site "Eppelborn"]
[Date "2008.03.26"]
[Round "2"]
[White "Meiser, Michael"]
[Black "Kemmer, Josef"]
[Result "0-1"]
[WhiteElo "1532"]
[BlackElo "1468"]
[PlyCount "42"]
[EventDate "2008.03.14"]
[EventType "swiss"]
[EventRounds "7"]
[EventCountry "GER"]
[SourceTitle "EXT 2010"]
[Source "ChessBase"]
[SourceDate "2010.11.25"]
[SourceVersion "1"]
[SourceVersionDate "2010.11.25"]
[SourceQuality "1"]

1. e4 c5 2. Nf3 e6 3. Nc3 a6 4. d4 cxd4 5. Nxd4 Nc6 6. Be3 Qc7 7. Be2 Nf6 8. 0-0 Be7 9. Bf3 Ne5 10. a3 0-0 11. Re1 b5 12. Be2 Nc4 13. Bxc4 bxc4 14. Bg5 h6 15. Bh4 d6 16. Bg3 Bb7 17. e5 dxe5 18. Qe2 Nd7 19. Bxe5 Nxe5 20. Qxe5 Qxe5 21. Rxe5 Bf6 0-1

[Event "GER-chT U16"]
[Site "Uelzen"]
[Date "2007.12.27"]
[Round "1.4"]
[White "Meiser, Michael"]
[Black "Spisla, Dominik"]
[Result "0-1"]
[WhiteElo "1451"]
[BlackElo "1706"]
[PlyCount "88"]
[EventDate "2007.12.27"]
[EventType "team-swiss"]
[EventRounds "7"]
[EventCountry "GER"]
[SourceTitle "EXT 2022"]
[Source "ChessBase"]
[SourceDate "2021.10.06"]
[SourceVersion "1"]
[SourceVersionDate "2021.10.06"]
[SourceQuality "1"]
[WhiteTeam "Heusweiler SC Reti U16"]
[BlackTeam "Brackweda U16"]
[WhiteTeamCountry "GER"]
[BlackTeamCountry "GER"]

1. e4 c5 2. Nf3 d6 3. c3 Nf6 4. Qc2 Qc7 5. d4 cxd4 6. Nxd4 a6 7. Bg5 Nc6 8. Bxf6 exf6 9. Nxc6 Qxc6 10. Nd2 Be6 11. Rd1 b5 12. g3 f5 13. Bg2 Rc8 14. 0-0 Qd7 15. Rfe1 Be7 16. Re2 fxe4 17. Nxe4 Qc7 18. Qd2 0-0 19. a3 h6 20. Qd4 d5 21. Nd2 Bc5 22. Qe5 Rfd8 23. b4 Bd6 24. Qe3 Qxc3 25. Nb1 Qxe3 26. Rxe3 d4 27. Red3 Be5 28. Bb7 Rb8 29. Bg2 Bf5 30. R3d2 Rdc8 31. Re2 Bf6 32. Nd2 Rc3 33. Ne4 Bxe4 34. Bxe4 Rxa3 35. Rb1 g6 36. Kg2 Rc8 37. Rd2 Rcc3 38. Bd5 h5 39. Ra2 Rxa2 40. Bxa2 Be7 41. Bd5 d3 42. Bb7 Ra3 43. Bd5 d2 44. Bf3 Bxb4 0-1